Sports Quiz

Random Sports Quiz
Score 0/13 Timer 02:00
0 Plays Today
Year & Team Player % Correct
1920 YankeesBabe Ruth
100%
1921 YankeesBabe Ruth
100%
2001 GiantsBarry Bonds
98.6%
2007 YankeesAlex Rodriguez
98.6%
2001 RangersAlex Rodriguez
98.6%
1998 CubsSammy Sosa
97.9%
1956 YankeesMickey Mantle
97.9%
1961 YankeesMickey Mantle
97.9%
1997 MarinersKen Griffey
97.1%
1998 MarinersKen Griffey
97.1%
1955 GiantsWillie Mays
96.4%
1996 OriolesBrady Anderson
91.4%
1998 PadresGreg Vaughn
85.7%
Remove Ads.
Support Sporcle.
Get the best of Sporcle when you Go Orange. This ad-free experience offers more features, more stats, and more fun while also helping to support Sporcle. Thank you for becoming a member.

You're not logged in!

Compare scores with friends on all Sporcle quizzes.
OR
Log In

Show Comments

Extras

Created Jan 17, 2015ReportNominate
Tags:base, hit, home, least, Player, run, season, steal, team, total

Top Quizzes Today


Score Distribution

Your Account Isn't Verified!

In order to create a playlist on Sporcle, you need to verify the email address you used during registration. Go to your Sporcle Settings to finish the process.

Report this User

Report this user for behavior that violates our Community Guidelines.

Details: